[Event "Druzynowe Mistrzostwa Polski Juniorow - II Liga"]
[Site "Iwonicz"]
[Date "2016-07-31"]
[Round "7.6"]
[White "Waligora, Julia"]
[Black "Adamczyk, Zuzanna"]
[Result "0-1"]
[WhiteTitle "I"]
[BlackTitle "I"]
[WhiteElo "1349"]
[BlackElo "1672"]

1. e4 c5 2. Nf3 e6 3. d4 cxd4 4. Nxd4 Nf6 5. Bd3 Nc6 6. Nxc6 bxc6 7. O-O d5 8.
e5 Nd7 9. Qe2 Nc5 10. Nd2 Nxd3 11. Qxd3 Bc5 12. Nb3 Bb6 13. Qg3 Kf8 14. Bd2 c5
15. Rad1 Ba6 16. Rfe1 h6 17. Be3 Bb5 18. c3 Qe7 19. f4 g6 20. Kh1 Rd8 21. Qf2
Ba4 22. Rd2 Bxb3 23. axb3 d4 24. cxd4 Ba5 25. dxc5 Bxd2 26. Bxd2 h5 27. Rc1 Kg7
28. h3 Rd3 29. Rc3 Rhd8 30. Be3 Qc7 31. Qe2 Rd1+ 32. Kh2 R1d5 33. Qa6 Rb8 34.
Qa4 a5 35. Rc2 Rb4 36. Qa2 Re4 37. Rc3 g5 38. Qb1 Rb4 39. fxg5 Qxe5+ 40. Kg1 Re4
41. Bf2 Re2 42. Rc2 Rdd2 43. Rxd2 Rxd2 44. Qc1 Qf4 45. Qc3+ Kg8 46. Qg3 Qxg3 47.
Bxg3 Rxb2 48. Bc7 Rxb3 49. Bxa5 Rb5 50. Bb6 Rb2 51. Kh2 h4 52. Ba7 Rc2 53. Kg1
e5 54. Kf1 Kg7 55. Kg1 Kg6 56. Kf1 Kxg5 57. Bb6 Kf4 58. Bd8 Kg3 59. Be7 Rxg2 60.
Bd6 f6 61. c6 Rc2 62. c7 Kxh3 63. Ke1 Kg3 64. Kd1 Rc6 0-1

[Event "Druzynowe Mistrzostwa Polski Juniorow - II Liga"]
[Site "Iwonicz"]
[Date "2016-07-31"]
[Round "7.7"]
[White "Fus, Jakub"]
[Black "Raczynski, Krzysztof"]
[Result "1/2-1/2"]
[WhiteTitle "I++"]
[BlackTitle "I++"]
[WhiteElo "2025"]
[BlackElo "2074"]

1. d4 Nf6 2. c4 g6 3. Nc3 Bg7 4. e4 d6 5. f3 O-O 6. Be3 c5 7. d5 e6 8. Qd2 exd5
9. cxd5 a6 10. a4 Nbd7 11. Nh3 Re8 12. Nf2 Ne5 13. Be2 Rb8 14. h3 Nh5 15. f4 Ng3
16. fxe5 Nxh1 17. Nxh1 Bxe5 18. Bg5 f6 19. Bh4 b5 20. axb5 axb5 21. Bg3 Bxc3 22.
Qxc3 Rxe4 23. Nf2 Ra4 24. Rxa4 bxa4 25. Qd2 Qb6 26. Nd1 Bf5 27. Qf4 Kf7 28. Qxd6
Qxd6 29. Bxd6 Rxb2 30. Nxb2 a3 31. Bc4 axb2 32. Ba2 c4 33. Bb4 b1=Q+ 34. Bxb1
Bxb1 35. Kf2 Be4 36. d6 Ke6 37. g3 h5 38. Ke3 Bf5 39. h4 Kd5 40. Bc3 Kxd6 41.
Bxf6 Bd3 42. Kd4 Ke6 43. Bg5 Kf5 44. Bf4 1/2-1/2

[Event "Druzynowe Mistrzostwa Polski Juniorow - II Liga"]
[Site "Iwonicz"]
[Date "2016-07-31"]
[Round "7.8"]
[White "Kaminski, Piotr"]
[Black "Jarzebowski, Kacper"]
[Result "0-1"]
[WhiteTitle "I"]
[BlackTitle "I+"]
[WhiteElo "1902"]
[BlackElo "1895"]

1. e4 c5 2. Nf3 a6 3. c3 g6 4. d4 cxd4 5. cxd4 d5 6. e5 Bg4 7. Be2 Bxf3 8. Bxf3
Nc6 9. Nc3 e6 10. O-O Qb6 11. Ne2 Nge7 12. Be3 h5 13. Qd2 Nf5 14. g3 Bb4 15. Qd3
Be7 16. a3 O-O 17. b4 Rac8 18. Rac1 f6 19. exf6 Bxf6 20. Rfd1 Kf7 21. Rc5 Be7
22. g4 hxg4 23. Bxg4 Bxc5 24. dxc5 Qd8 25. Bf4 Qf6 26. Qd2 Ne5 27. h3 Nc4 28.
Qc2 Nxa3 29. Qc1 Nc4 30. Bg5 Qb2 31. Qf4 Qe5 32. Qf3 Kg7 33. Bf4 Qf6 34. Kh2 Rh8
35. Nc3 Nh4 36. Qg3 Rcf8 37. Be3 Nxe3 38. Qxe3 Qxf2+ 39. Qxf2 Rxf2+ 40. Kg3 Rc2
41. Rd3 Nf5+ 42. Kf4 Kf6 43. Ne2 e5+ 0-1

[Event "Druzynowe Mistrzostwa Polski Juniorow - II Liga"]
[Site "Iwonicz"]
[Date "2016-07-31"]
[Round "7.9"]
[White "Czernek, Tymon"]
[Black "Mietkiewicz, Jacek"]
[Result "0-1"]
[WhiteTitle "I"]
[BlackTitle "I"]
[WhiteElo "1867"]
[BlackElo "1687"]

1. Nf3 d5 2. d4 e6 3. g3 Nf6 4. Bg2 b5 5. O-O Be7 6. a3 O-O 7. Ne5 Bb7 8. c4 bxc4
9. Nxc4 c5 10. Qb3 Ba6 11. Ne5 Bxe2 12. Re1 Ba6 13. dxc5 Bxc5 14. Bg5 h6 15. Bf4
Qb6 16. Qxb6 Bxb6 17. Nc3 Nbd7 18. Bh3 Nc5 19. Be3 Nb3 20. Bxb6 Nxa1 21. Rxa1
axb6 22. Na4 Bb5 23. Nc3 Ba4 24. Bf1 Rfc8 25. Bd3 Kf8 26. h3 Ke7 27. f4 Nd7 28.
Nxa4 Nxe5 29. Nxb6 Nxd3 30. Nxa8 Rxa8 31. b3 Kd6 32. Kf1 Nc5 33. b4 Nd3 34. b5
Kc5 35. a4 Kb6 36. f5 e5 37. Ra3 Nc5 38. f6 gxf6 39. Rf3 Ne4 40. Ra3 d4 0-1

[Event "Druzynowe Mistrzostwa Polski Juniorow - II Liga"]
[Site "Iwonicz"]
[Date "2016-07-31"]
[Round "7.10"]
[White "Lepski, Maksymilian"]
[Black "Baum, Jonasz"]
[Result "0-1"]
[WhiteTitle "II"]
[BlackTitle "I"]
[WhiteElo "1442"]
[BlackElo "1826"]

1. d4 d5 2. c4 e6 3. Nc3 Nf6 4. Bg5 Nbd7 5. e3 c6 6. Nf3 Qa5 7. Bd3 Ne4 8. Bxe4
dxe4 9. Ne5 Bd6 10. Bf4 Nxe5 11. dxe5 Bxe5 12. Bxe5 Qxe5 13. O-O O-O 14. Qc2 f5
15. Rad1 Qc7 16. Rd2 Bd7 17. Rfd1 Rfd8 18. Rd6 Be8 19. c5 Rxd6 20. cxd6 Qd7 21.
Na4 b6 22. Qc3 Rd8 23. Qe5 Qe7 24. Nc3 Qf6 25. Qxf6 gxf6 26. Ne2 Bh5 27. Kf1 Kf7
28. Rd4 Bxe2+ 29. Kxe2 e5 30. Ra4 Rd7 31. Ra3 Ke6 32. Ra4 Kxd6 33. Ra3 b5 34.
Rc3 c5 35. g3 c4 36. a4 Kc5 37. axb5 Rd3 38. Rc1 Rb3 39. Ra1 Rxb2+ 40. Ke1 Kxb5
41. Rxa7 c3 42. Rc7 Kb4 43. Rb7+ Kc4 44. Rc7+ Kb3 45. Rb7+ Ka2 46. Rc7 c2 47.
Kd2 Kb1 0-1

[Event "Druzynowe Mistrzostwa Polski Juniorow - II Liga"]
[Site "Iwonicz"]
[Date "2016-07-31"]
[Round "7.11"]
[White "Tkaczyk, Weronika"]
[Black "Szelag, Zuzanna"]
[Result "0-1"]
[WhiteTitle "I"]
[BlackTitle "I++"]
[WhiteElo "1570"]
[BlackElo "1732"]

1. e4 c5 2. c4 Nc6 3. Nf3 g6 4. d4 cxd4 5. Nxd4 Nf6 6. Nc3 d6 7. f3 Nxd4 8. Qxd4
Bg7 9. Be3 O-O 10. Qd2 Be6 11. Nd5 Bxd5 12. cxd5 a6 13. Be2 Rc8 14. O-O Nd7 15.
Rac1 Nc5 16. b4 Na4 17. Rxc8 Qxc8 18. Bd4 Bxd4+ 19. Qxd4 Qc2 20. Bc4 Rc8 21. Bb3
Qc3 22. Qxc3 Nxc3 23. Kf2 Nxa2 24. Bxa2 Rc2+ 25. Kg3 Rxa2 26. Rb1 b5 27. h4 Kg7
28. Rb3 Kf6 29. f4 e6 30. Kf3 h5 31. g3 exd5 32. exd5 Kf5 33. Rc3 Rd2 34. Rc6
Rxd5 35. Rxa6 Rd4 36. Rb6 Rxb4 37. Rxd6 Rb3+ 38. Kf2 b4 39. Rd7 Kg4 40. Rxf7 Rxg3
41. Rb7 Rf3+ 42. Ke2 Rxf4 43. Rb6 Kxh4 44. Rxg6 Kh3 45. Ke3 Rg4 46. Rb6 b3 47.
Kf2 Rg3 48. Rb5 h4 49. Rb4 b2 50. Kf1 Rg2 0-1

[Event "Druzynowe Mistrzostwa Polski Juniorow - II Liga"]
[Site "Iwonicz"]
[Date "2016-07-31"]
[Round "7.12"]
[White "Furtak, Joanna"]
[Black "Tarka, Aleksandra"]
[Result "1/2-1/2"]
[WhiteTitle "I+"]
[BlackTitle "I"]
[WhiteElo "1686"]
[BlackElo "1449"]

1. e4 c5 2. Nf3 d6 3. d4 cxd4 4. Nxd4 Nf6 5. Nc3 g6 6. Be3 Bg7 7. f3 O-O 8. Qd2
Nc6 9. O-O-O Nxd4 10. Bxd4 Be6 11. Kb1 Qc7 12. h4 Rfc8 13. h5 Qa5 14. hxg6 hxg6
15. a3 Rab8 16. Bd3 b5 17. Qg5 Bc4 18. Bxc4 Rxc4 19. Nd5 Qd8 20. Nxf6+ exf6 21.
Qh4 b4 22. axb4 Rcxb4 23. b3 R4b5 24. Rhe1 a5 25. Re3 a4 26. Rdd3 axb3 27. Rxb3
g5 28. Qe1 Qc8 29. Rxb5 Rxb5+ 30. Rb3 Qc4 31. Qd1 f5 32. Bxg7 Kxg7 33. exf5 Rxf5
34. Qd3 Qxd3 35. Rxd3 d5 36. Kb2 Kf6 37. Kc3 Ke6 38. g3 f6 39. Kd4 Kd6 40. Rc3
Ke6 41. Kc5 Re5 42. Rd3 Re2 43. c3 Re5 1/2-1/2

[Event "Druzynowe Mistrzostwa Polski Juniorow - II Liga"]
[Site "Iwonicz"]
[Date "2016-07-31"]
[Round "7.13"]
[White "Wisniewski, Jacek"]
[Black "Lizak, Jakub"]
[Result "0-1"]
[WhiteTitle "k"]
[BlackTitle "k"]
[WhiteElo "1989"]
[BlackElo "2131"]

1. e4 c5 2. Nf3 e6 3. d4 cxd4 4. Nxd4 Nc6 5. c4 Nf6 6. Nc3 Bb4 7. Qd3 d5 8. exd5
exd5 9. Be2 O-O 10. Nxc6 bxc6 11. O-O Ba6 12. Qf3 Re8 13. Bg5 Bxc3 14. bxc3 Rxe2
15. Qxe2 Bxc4 16. Qe5 Bxf1 17. Rxf1 Nd7 18. Qd6 Qxg5 19. Qxd7 Qf6 20. Re1 h6 21.
Re3 Rb8 22. g3 Rb2 23. Re8+ Kh7 24. Qxa7 Qf3 25. Rb8 Rd2 26. Rb1 d4 27. Rf1 dxc3
28. Qa5 Qd3 29. h4 c2 0-1

[Event "Druzynowe Mistrzostwa Polski Juniorow - II Liga"]
[Site "Iwonicz"]
[Date "2016-07-31"]
[Round "7.14"]
[White "Tustanowski, Mateusz"]
[Black "Maminski, Hubert"]
[Result "1-0"]
[WhiteTitle "I++"]
[BlackTitle "I"]
[WhiteElo "1957"]
[BlackElo "1801"]

1. e4 c5 2. Nc3 Nc6 3. f4 g6 4. Nf3 Bg7 5. Bb5 a6 6. Bxc6 bxc6 7. d3 d5 8. O-O
e6 9. Qe1 Ne7 10. Rb1 O-O 11. b3 Qa5 12. Na4 Qxe1 13. Rxe1 f5 14. exd5 Nxd5 15.
Ne5 Rd8 16. Bd2 Bf8 17. a3 Bb7 18. c4 Nf6 19. Be3 Rac8 20. Bxc5 Bh6 21. Be7 1-0

[Event "Druzynowe Mistrzostwa Polski Juniorow - II Liga"]
[Site "Iwonicz"]
[Date "2016-07-31"]
[Round "7.15"]
[White "Golecki, Jan"]
[Black "Kukula, Karol"]
[Result "1-0"]
[WhiteTitle "I+"]
[BlackTitle "II"]
[WhiteElo "1758"]
[BlackElo "1550"]

1. Nf3 c5 2. g3 d5 3. Bg2 Nc6 4. O-O Nf6 5. d4 e6 6. c4 dxc4 7. Qa4 Bd7 8. Qxc4
cxd4 9. Nxd4 Rc8 10. Nc3 Be7 11. Rd1 Nxd4 12. Qxd4 Bc5 13. Qd3 Qb6 14. Ne4 Bc6
15. Nxc5 Qxc5 16. Be3 Qe7 17. Bxc6+ Rxc6 18. Rac1 Rxc1 19. Rxc1 O-O 20. Bc5 Qc7
21. Qd6 Qxd6 22. Bxd6 Rd8 23. Be7 Re8 24. Bxf6 gxf6 25. Rc7 Rd8 26. Rxb7 Rd2 27.
Kf1 Rd1+ 28. Kg2 a5 29. a4 Ra1 30. b3 Rb1 31. h4 Kg7 32. g4 f5 33. gxf5 exf5 34.
Rb5 Kg6 35. Kf3 Rh1 36. Rxa5 Rh3+ 37. Kf4 Rxb3 38. Ra6+ f6 39. h5+ Kxh5 40. Kxf5
Rb2 41. Re6 Rb4 42. Re4 Rb6 43. Re3 Kh4 44. Re6 Rb2 45. Kxf6 Rb4 46. a5 Rf4+ 47.
Kg7 Rxf2 48. Kxh7 Rf5 49. a6 Ra5 50. Kg6 1-0

[Event "Druzynowe Mistrzostwa Polski Juniorow - II Liga"]
[Site "Iwonicz"]
[Date "2016-07-31"]
[Round "7.16"]
[White "Szeliga, Sebastian"]
[Black "Redzisz, Michal"]
[Result "0-1"]
[WhiteTitle "II"]
[BlackTitle "II"]
[WhiteElo "1228"]
[BlackElo "1756"]

1. e4 c5 2. Nf3 d6 3. Bb5+ Bd7 4. Bxd7+ Qxd7 5. O-O Nc6 6. c3 Nf6 7. Re1 e6 8.
d4 cxd4 9. cxd4 d5 10. e5 Ne4 11. a3 Be7 12. Nbd2 Nxd2 13. Bxd2 Rc8 14. Rc1 O-O
15. Qe2 Rc7 16. Qd3 Rfc8 17. Qb1 h6 18. Rc3 Nb8 19. Rec1 Rxc3 20. Rxc3 Rxc3 21.
Bxc3 Qc7 22. Qd1 a6 23. Qd3 Nd7 24. Nd2 Nb6 25. h3 Na4 26. Nb1 b5 27. Qd2 Qc4
28. Qc2 Qc6 29. Qd2 Kf8 30. Kf1 Ke8 31. Ke2 Kd7 32. Qd3 Qc4 33. Kd2 Qb3 34. Qc2
Bg5+ 35. Kd1 Qc4 36. Ke1 Nxc3 37. Qxc3 Qxc3+ 38. bxc3 Kc6 39. Kd1 Kb6 40. Kc2
Ka5 41. Kb3 h5 42. g3 h4 43. gxh4 Bxh4 44. Nd2 Bxf2 45. Nf3 Be3 46. Nh4 Kb6 47.
Nf3 a5 48. h4 a4+ 49. Kc2 Kc7 50. Ng5 Bxg5 51. hxg5 Kd7 52. Kd3 Ke7 53. Ke3 f6
54. g6 fxe5 55. dxe5 Kd7 56. Kd4 Kc6 57. Ke3 Kc5 58. Kd3 d4 59. cxd4+ Kd5 60.
Kc3 Ke4 61. Kb4 Kxd4 62. Kxb5 Kxe5 63. Kxa4 Kd4 64. Kb5 e5 65. a4 e4 66. a5 e3
67. a6 e2 68. a7 e1=Q 69. a8=Q Qb1+ 70. Ka6 Qa2+ 71. Kb7 Qxa8+ 72. Kxa8 Ke5 73.
Kb7 Kf6 74. Kc6 Kxg6 75. Kd5 Kf5 76. Kd4 Kf4 77. Kd5 g5 78. Kd4 Kf3 79. Kd5 g4
80. Kd4 g3 81. Kd5 g2 82. Kd4 g1=Q+ 83. Kd5 Qb6 84. Ke5 Qc6 85. Kd4 Kf4 86. Kd3
Qc5 87. Kd2 Qc4 88. Ke1 Qa2 89. Kd1 Ke3 90. Kc1 Kd3 91. Kd1 Qa1# 0-1

[Event "Druzynowe Mistrzostwa Polski Juniorow - II Liga"]
[Site "Iwonicz"]
[Date "2016-07-31"]
[Round "7.17"]
[White "Kozaczynska, Aleksandra"]
[Black "Wojcik, Jagoda"]
[Result "1-0"]
[WhiteTitle "I++"]
[BlackTitle "I+"]
[WhiteElo "1683"]
[BlackElo "1609"]

1. e4 c5 2. Nc3 Nc6 3. g3 Nf6 4. Bg2 e6 5. d3 Be7 6. Be3 d5 7. exd5 exd5 8. d4
c4 9. Bg5 O-O 10. Nge2 Be6 11. O-O Qb6 12. Bxf6 Bxf6 13. Nxd5 Bxd5 14. Bxd5 Nxd4
15. Nxd4 Bxd4 16. c3 Bc5 17. Qc2 Rac8 18. Rab1 Qa5 19. Bxb7 Rb8 20. Be4 h6 21.
b4 cxb3 22. axb3 Qc7 23. b4 Be7 24. Ra1 Bf6 25. Ra3 Qb6 26. Rb1 Rfd8 27. c4 Rd4
28. Bd5 Rc8 29. Qa4 Rc7 30. Qe8+ Kh7 31. c5 Rxc5 32. Be4+ g6 33. Qxf7+ Bg7 34.
bxc5 1-0

[Event "Druzynowe Mistrzostwa Polski Juniorow - II Liga"]
[Site "Iwonicz"]
[Date "2016-07-31"]
[Round "7.18"]
[White "Pisarek, Elzbieta"]
[Black "Zyznowska, Marianna"]
[Result "1-0"]
[WhiteTitle "I"]
[BlackTitle "II+"]
[WhiteElo "1351"]
[BlackElo "1122"]

1. e4 e5 2. Nc3 Nf6 3. Nf3 Nc6 4. d4 exd4 5. Nxd4 Nxd4 6. Qxd4 d6 7. Be2 Be7 8.
O-O O-O 9. f4 b6 10. Qd3 Bb7 11. Bf3 a5 12. Qd1 c6 13. a4 d5 14. e5 Bc5+ 15. Kh1
Ba6 16. Be2 Bxe2 17. Qxe2 Re8 18. Qf3 Nd7 19. Bd2 Rc8 20. Rae1 Nf8 21. Qg3 f6
22. f5 Rxe5 23. Rxe5 fxe5 24. f6 Rc7 25. Bh6 g6 26. Qxe5 Qc8 27. Qg3 Rf7 28. h4
Qe6 29. Qg5 Bd6 30. Bxf8 Rxf8 31. f7+ Kg7 32. h5 Rxf7 33. h6+ Kf8 34. Qd8+ Qe8
35. Qxd6+ Qe7 36. Qxe7+ Kxe7 37. Rxf7+ Kxf7 38. Ne2 Kf6 39. Kg1 Kg5 40. Kf2 Kxh6
41. Nd4 c5 42. Ne6 Kh5 43. Nf8 h6 44. Nd7 Kg4 45. Nxb6 g5 46. Nxd5 h5 47. Ne3+
Kf4 48. Nc4 h4 49. Nxa5 g4 50. Nc4 g3+ 51. Kg1 Kg4 52. a5 h3 53. gxh3+ Kxh3 54.
a6 Kg4 55. a7 Kf4 56. a8=Q Kg4 57. Qe4+ Kh3 58. Qg6 Kh4 59. Nd2 c4 60. Nf3+ Kh3
61. Qh5# 1-0

[Event "Druzynowe Mistrzostwa Polski Juniorow - II Liga"]
[Site "Iwonicz"]
[Date "2016-07-31"]
[Round "7.19"]
[White "Adamczewski, Maciej"]
[Black "Golenia, Wojciech"]
[Result "1-0"]
[WhiteTitle "I++"]
[BlackTitle "I+"]
[WhiteElo "1979"]
[BlackElo "1967"]

1. d4 Nf6 2. c4 g6 3. Nc3 Bg7 4. e4 d6 5. Nf3 O-O 6. Be2 e5 7. O-O Nc6 8. d5 Ne7
9. Ne1 Nd7 10. Nd3 f5 11. b4 a5 12. Ba3 Nf6 13. f3 f4 14. c5 g5 15. bxa5 h5 16.
Nf2 Rxa5 17. Bb4 Ra8 18. Nb5 Ne8 19. a4 Ng6 20. Qc2 Rf7 21. Ra3 Bf8 22. Rc1 Rg7
23. Rc3 Ne7 24. Qb3 g4 25. fxg4 hxg4 26. Nxc7 Nxc7 27. cxd6 f3 28. dxe7 Bxe7 29.
Bxe7 Qxe7 30. Rxc7 Qxc7 31. Rxc7 fxe2 32. Rxg7+ Kxg7 33. Qe3 Rxa4 34. Qxe2 b6
35. Nxg4 Ba6 36. Qb2 Rxe4 37. Nxe5 Kg8 38. Nf3 Bc4 39. Qxb6 Bxd5 40. Qd8+ Kg7
41. Qxd5 Rb4 42. Qd7+ Kg8 43. Qe8+ 1-0

[Event "Druzynowe Mistrzostwa Polski Juniorow - II Liga"]
[Site "Iwonicz"]
[Date "2016-07-31"]
[Round "7.20"]
[White "Golenia, Jan"]
[Black "Janiszewski, Filip"]
[Result "1-0"]
[WhiteTitle "I"]
[BlackTitle "I+"]
[WhiteElo "1860"]
[BlackElo "1996"]

1. d4 Nf6 2. c4 g6 3. Nc3 Bg7 4. e4 d6 5. f3 O-O 6. Be3 Nc6 7. Nge2 e5 8. d5 Ne7
9. Qd2 c5 10. O-O-O a6 11. g4 b5 12. Ng3 Qa5 13. Kb1 bxc4 14. h4 Rb8 15. Rc1 Qb4
16. h5 Bxg4 17. fxg4 Nxg4 18. Nd1 f5 19. exf5 gxf5 20. Rxc4 Qb7 21. Nxf5 Nxd5
22. Qxd5+ 1-0

[Event "Druzynowe Mistrzostwa Polski Juniorow - II Liga"]
[Site "Iwonicz"]
[Date "2016-07-31"]
[Round "7.21"]
[White "Skurniak, Szymon"]
[Black "Gawor, Jan Pawel"]
[Result "1-0"]
[WhiteTitle "I"]
[BlackTitle "II"]
[WhiteElo "1603"]
[BlackElo "1647"]

1. e4 c5 2. Nf3 Nc6 3. d4 cxd4 4. Nxd4 Nf6 5. Nc3 e5 6. Ndb5 d6 7. Bg5 a6 8. Na3
b5 9. Nd5 Be7 10. Bxf6 Bxf6 11. c3 Ne7 12. Nb4 Bb7 13. Bd3 O-O 14. O-O Bg5 15.
c4 bxc4 16. Nxc4 d5 17. exd5 Nxd5 18. Be4 Nxb4 19. Bxb7 Rb8 20. Bf3 Qc7 21. Qe2
Rbe8 22. g3 e4 23. Bg2 f5 24. Ne3 f4 25. gxf4 Bxf4 26. Qc4+ Qxc4 27. Nxc4 Nc2
28. Rad1 Rf6 29. a3 e3 30. fxe3 Nxe3 31. Nxe3 Bxe3+ 32. Kh1 Rb6 33. Bd5+ Kh8 34.
Rde1 Rbb8 35. b4 h6 36. Bc4 Ra8 37. Rf3 Bd4 38. Rxe8+ Rxe8 39. Bxa6 Re1+ 40. Kg2
Rg1+ 41. Kh3 g5 42. Rf7 Ra1 43. Kg4 Rxa3 44. Bc4 Rc3 45. Bd5 Rc2 46. Kh5 Rf2 47.
Rd7 Rf6 48. b5 Be3 49. Re7 Bg1 50. h3 Bf2 51. Bf7 Bc5 52. Rc7 1-0

[Event "Druzynowe Mistrzostwa Polski Juniorow - II Liga"]
[Site "Iwonicz"]
[Date "2016-07-31"]
[Round "7.22"]
[White "Krawczyk, Wojciech"]
[Black "Ochedzan, Tymon"]
[Result "0-1"]
[WhiteTitle "II+"]
[BlackTitle "II+"]
[WhiteElo "1476"]
[BlackElo "1636"]

1. e4 c5 2. Nf3 d6 3. d4 cxd4 4. Nxd4 Nf6 5. Nc3 a6 6. Be3 e5 7. Nb3 Be6 8. Be2
Be7 9. Qd2 O-O 10. O-O b5 11. f3 Nbd7 12. Bg5 Nb6 13. Nd1 h6 14. Bh4 d5 15. exd5
Nbxd5 16. Ne3 Nf4 17. Qxd8 Rfxd8 18. Rfe1 Rac8 19. Rad1 Bxb3 20. axb3 Bc5 21.
Bf2 Kh7 22. Kf1 Nxe2 23. Rxe2 Rxd1+ 24. Nxd1 Bxf2 25. Nxf2 Kg6 26. Nd3 Nd7 27.
c3 Kf6 28. Kf2 Rc6 29. Ke3 Ke6 30. Re1 f5 31. Ra1 Rd6 32. Re1 g5 33. Rc1 Rc6 34.
Rd1 h5 35. Nb4 Rb6 36. Nd5 Rb7 37. Nb4 Nc5 38. Ra1 Rb6 39. Ra3 Rd6 40. h3 f4+
41. Ke2 Kf5 42. Ra1 e4 43. fxe4+ Kxe4 44. Re1 Nxb3 45. Kf2+ Kf5 46. Re2 a5 47.
Nc2 Nc1 48. Re8 Rd2+ 49. Ke1 Rxc2 50. Kd1 Rxb2 51. Kxc1 Rxg2 52. Rb8 b4 53. cxb4
axb4 54. Rxb4 Rg3 55. Rb5+ Ke4 56. h4 gxh4 57. Rxh5 h3 58. Kd1 Re3 59. Rh4 0-1

[Event "Druzynowe Mistrzostwa Polski Juniorow - II Liga"]
[Site "Iwonicz"]
[Date "2016-07-31"]
[Round "7.23"]
[White "Wawrzyniak, Weronika"]
[Black "Debowska, Michalina"]
[Result "1-0"]
[WhiteTitle "I"]
[BlackTitle "II+"]
[WhiteElo "1322"]
[BlackElo "1432"]

1. e4 c5 2. Nf3 Nc6 3. Bb5 g6 4. c3 Bg7 5. O-O d6 6. h3 Bd7 7. Ba4 Nf6 8. Re1 O-O
9. d4 cxd4 10. cxd4 e6 11. Nc3 Ne7 12. Bb3 Ne8 13. Be3 Nc7 14. Qd2 Nb5 15. Bh6
Nxc3 16. bxc3 Rc8 17. Rac1 Re8 18. Bxg7 Kxg7 19. Qf4 Rc6 20. Ng5 Rf8 21. Re3 h6
22. Nf3 Bc8 23. h4 Kh7 24. g4 Ng8 25. e5 d5 26. Bc2 Kg7 27. Qg3 b6 28. Nh2 Ba6
29. f4 Kh8 30. Nf3 Bc8 31. h5 Kg7 32. Nh4 g5 33. fxg5 Qxg5 34. Rce1 Rc7 35. Nf3
Qe7 36. g5 Kh8 37. gxh6 Nxh6 38. Qf4 Rg8+ 39. Kh1 Qf8 40. Rg1 Rxg1+ 41. Nxg1 Nf5
42. Bxf5 exf5 43. Rg3 Rc6 44. Kh2 Rh6 45. Rg5 Be6 46. Nf3 Kh7 47. Nh4 Qc8 48.
Nxf5 Bxf5 49. Qxf5+ Qxf5 50. Rxf5 Kg7 51. Kh3 Rc6 52. Rf3 a5 53. Kh4 b5 54. Kg5
a4 55. Rf6 Rxc3 56. h6+ Kg8 57. Rd6 Rg3+ 58. Kh4 Ra3 59. Rxd5 Rxa2 60. Rxb5 Rh2+
61. Kg3 Rxh6 62. Ra5 Kf8 63. Rxa4 Rb6 64. Ra7 Rb4 65. Rd7 Ke8 66. Rd6 Ke7 67.
Kf4 Rb1 68. Ra6 Rb7 69. Ke4 Rc7 70. Kf5 Rd7 71. Ke4 Rb7 72. Kd5 Rd7+ 73. Kc5 Rc7+
74. Rc6 Rd7 75. d5 Kd8 76. Rd6 Ke7 77. Rxd7+ Kxd7 78. Kd4 Ke7 79. Ke4 f6 80. e6
Kd6 81. Kf5 Ke7 82. d6+ Kf8 83. Kxf6 Ke8 84. e7 1-0

[Event "Druzynowe Mistrzostwa Polski Juniorow - II Liga"]
[Site "Iwonicz"]
[Date "2016-07-31"]
[Round "7.24"]
[White "Budkiewicz, Magdalena"]
[Black "Barwinska, Ewa"]
[Result "1-0"]
[WhiteTitle "I"]
[BlackTitle "II+"]
[WhiteElo "1651"]
[BlackElo "1239"]

1. e4 c5 2. Nf3 e6 3. d4 cxd4 4. Nxd4 Nf6 5. Bd3 Nc6 6. Nxc6 bxc6 7. c4 Be7 8.
O-O d6 9. Nc3 O-O 10. f4 Qc7 11. Kh1 Bb7 12. Qe2 Rfd8 13. e5 Nd7 14. exd6 Bxd6
15. Ne4 Bf8 16. b3 Nc5 17. Nxc5 Bxc5 18. Bb2 Qd6 19. Rad1 Qc7 20. Qh5 f5 21. Rf3
Qf7 22. Qh4 Be7 23. Qe1 c5 24. Re3 Rd6 25. Be5 Rd7 26. Bc3 Rad8 27. Ba5 Qg6 28.
Qe2 Re8 29. Rg3 Qf7 30. Bc2 Rxd1+ 31. Qxd1 Bf6 32. Bc3 Bxc3 33. Rxc3 Qf6 34. Rd3
Be4 35. Rd7 Bxc2 36. Qxc2 Rd8 37. Rxd8+ Qxd8 38. h3 Qd4 39. Qe2 Qd6 40. Qf3 Qd7
41. a3 a6 42. Qa8+ Kf7 43. Qxa6 Qd1+ 44. Kh2 Qxb3 45. Qa7+ Kg8 46. Qxc5 Qb8 47.
Qe5 Qc8 48. c5 h6 49. Qd6 Kh8 50. c6 Kh7 51. c7 Qb7 52. Qc5 Qe4 53. c8=Q Qxf4+
54. Kh1 e5 55. Qc4 Qg3 56. Q8g8+ Kg6 57. Qcf7+ Kg5 58. Qfxg7+ Kf4 59. Qxg3+ Ke4
60. Qc4# 1-0

[Event "Druzynowe Mistrzostwa Polski Juniorow - II Liga"]
[Site "Iwonicz"]
[Date "2016-07-31"]
[Round "7.25"]
[White "Klementowski, Dawid"]
[Black "Brozyna, Mateusz"]
[Result "0-1"]
[WhiteTitle "I"]
[BlackTitle "I"]
[WhiteElo "2000"]
[BlackElo "1831"]

1. c4 Nf6 2. g3 d6 3. Bg2 g6 4. Nc3 Bg7 5. e3 O-O 6. Nge2 e5 7. d3 Nbd7 8. O-O
a5 9. Rb1 c6 10. a3 Ne8 11. b4 axb4 12. axb4 f5 13. b5 c5 14. d4 Nef6 15. dxe5
Nxe5 16. f4 Nf7 17. Re1 Re8 18. Qd3 Ra7 19. h3 b6 20. Nd5 Nxd5 21. Bxd5 Bb7 22.
Bxb7 Rxb7 23. Bb2 Rbe7 24. Nc3 Rxe3 25. Rxe3 Rxe3 26. Qxe3 Bd4 27. Qxd4 cxd4 28.
Nd5 Ne5 29. fxe5 dxe5 30. h4 g5 31. Re1 gxh4 32. Rxe5 hxg3 33. Re8+ Qxe8 34. Nf6+
Kf8 35. Nxe8 d3 36. Bd4 d2 37. Bc3 0-1

[Event "Druzynowe Mistrzostwa Polski Juniorow - II Liga"]
[Site "Iwonicz"]
[Date "2016-07-31"]
[Round "7.27"]
[White "Grochol, Kamil"]
[Black "Suder, Jakub"]
[Result "0-1"]
[WhiteTitle "II+"]
[BlackTitle "I"]
[WhiteElo "1648"]
[BlackElo "1751"]

1. e4 e6 2. d3 d5 3. Nd2 Nf6 4. Ngf3 b6 5. g3 dxe4 6. dxe4 Bc5 7. Bg2 Ba6 8. c4
e5 9. O-O Bd6 10. b3 O-O 11. Bb2 Qe7 12. Qe2 Nbd7 13. Rfd1 Rad8 14. Ne1 Nc5 15.
Nd3 Nxd3 16. Qxd3 Ba3 17. Qc2 Bxb2 18. Qxb2 Bb7 19. Qc2 Rd4 20. f3 Rfd8 21. Nf1
Qd6 22. Ne3 Qc5 23. Kf2 Bxe4 24. Qe2 Bd3 25. Qe1 Bc2 26. Rxd4 Qxd4 27. Rc1 Bd3
28. Rd1 e4 29. fxe4 Ng4+ 0-1

[Event "Druzynowe Mistrzostwa Polski Juniorow - II Liga"]
[Site "Iwonicz"]
[Date "2016-07-31"]
[Round "7.28"]
[White "Piwowarczyk, Bartlomiej"]
[Black "Oles, Martin"]
[Result "0-1"]
[WhiteTitle "II+"]
[BlackTitle "II"]
[WhiteElo "1425"]
[BlackElo "1485"]

1. b3 e5 2. e3 d5 3. Bb2 Bd6 4. d4 e4 5. c4 c6 6. cxd5 cxd5 7. Bb5+ Bd7 8. Bxd7+
Qxd7 9. Ne2 Nf6 10. O-O O-O 11. h3 Nc6 12. a3 h6 13. b4 a6 14. Nec3 Bc7 15. Nd2
Qd6 16. g3 Nh7 17. Ne2 Ng5 18. Nf4 Ne7 19. Rc1 Rac8 20. h4 Ne6 21. Kh2 Nf5 22.
Qg4 Nxf4 23. gxf4 Qf6 24. Rc5 Qe6 25. Rfc1 Bd6 26. R5c3 Rxc3 27. Bxc3 Rc8 28.
Nb3 b6 29. a4 Be7 30. h5 Bh4 31. Kg2 Nxe3+ 0-1

[Event "Druzynowe Mistrzostwa Polski Juniorow - II Liga"]
[Site "Iwonicz"]
[Date "2016-07-31"]
[Round "7.29"]
[White "Kucharska, Honorata"]
[Black "Kasperek, Kinga"]
[Result "1-0"]
[WhiteTitle "k"]
[BlackTitle "I"]
[WhiteElo "1855"]
[BlackElo "1585"]

1. e4 c5 2. b3 Nc6 3. Bb2 d6 4. Bb5 Bd7 5. d3 e6 6. Bxc6 Bxc6 7. f4 Nf6 8. Nf3
Be7 9. O-O O-O 10. Nc3 Qc7 11. Ne2 b5 12. h3 d5 13. e5 Nd7 14. Ng3 f6 15. Qe2
Rae8 16. Rae1 a5 17. exf6 Bxf6 18. Bxf6 Rxf6 19. Nh5 Rff8 20. Nh4 Nf6 21. Nxf6+
Rxf6 22. Qg4 Bd7 23. Qg5 c4 24. d4 cxb3 25. cxb3 Qc3 26. Qe5 Qg3 27. Qd6 Rf7 28.
Nf3 Qxf4 29. Ne5 Qxd4+ 30. Kh1 Rxf1+ 31. Rxf1 Bc8 32. Qc6 Rd8 33. Qc7 Qh4 34.
Qf7+ 1-0

[Event "Druzynowe Mistrzostwa Polski Juniorow - II Liga"]
[Site "Iwonicz"]
[Date "2016-07-31"]
[Round "7.30"]
[White "Laszczuk, Zuzanna"]
[Black "Cieslak, Jessica"]
[Result "1-0"]
[WhiteTitle "I"]
[BlackTitle "II"]
[WhiteElo "1043"]
[BlackElo "1189"]

1. e4 c5 2. Nc3 d6 3. f4 Nc6 4. Nf3 Bg4 5. d3 Nf6 6. g3 g6 7. Bg2 Bg7 8. O-O O-O
9. h3 Bxf3 10. Qxf3 Nd4 11. Qf2 e6 12. g4 Nd7 13. f5 Bf6 14. Qd2 Ne5 15. g5 Bg7
16. f6 Bh8 17. Qf2 h6 18. gxh6 Nd7 19. Bg5 e5 20. Qh4 Kh7 21. Rac1 b5 22. Rf2
b4 23. Nd5 Ne6 24. Rcf1 Nxg5 25. Qxg5 Qa5 26. h4 Nb6 27. Ne7 Qxa2 28. h5 gxh5
29. Bh3 Bxf6 30. Bf5+ Kh8 31. Qxf6# 1-0